000 01338cab a2200217 4500
001 ##L135287
008 061010n2006 000 0 eng u
035 _a(Sirsi) u135287
041 0 _aeng
100 1 _aRichardson, Eleanor
245 0 0 _aMeasuring up
260 _c2006
490 0 _aNew Law Journal
_v156(7243)
520 _aDiscusses the inclusion of measuring clauses in property agreements, with particular reference to "Kilmartin SCI (Hulton House) Ltd v Safeway Stores" ([2006] EWHC 60 (Ch), L133093) and the RICS "Code of measuring practice". Several lessons can be learnt from "Kilmartin" which include: informing your lawyer of exactly what was taken into account when the area was agreed and whether it was agreed with reference to the RICS code; including a mechanism to vary the agreed minimum net internal area if changes in the design are agreed after exchange; and allowing flexibility in the contract to prevent the landlord and tenant relationship breaking down.
590 _aIKA171006 NTK
650 2 4 _aKILMARTIN SCI (HULTON HOUSE) LTD V SAFEWAY STORES
650 2 4 _aRICS CODE OF MEASURING PRACTICE
651 4 _aEngland and Wales
_y1543-
690 _aPROPERTY-COMMERCIAL PROPERTY-LEASEHOLD COMMERCIAL PROPERTY-COMMERCIAL LANDLORD AND TENANT-BUSINESS TENANCIES-BREACHING BUSINESS TENANCIES
942 _n0
999 _c77857
_d77857